| 000 | 00732nam a22001457a 4500 | ||
|---|---|---|---|
| 003 | NUST | ||
| 020 | _a0-19-515314-6 | ||
| 082 | _a519.2,BAS | ||
| 100 |
_aBasmadgian, Diran _9113883 |
||
| 245 |
_aMathematical Modeling of Physical System : _bAn Introduction / _cDiran Basmadgian |
||
| 260 |
_aNew Yourk _bOxford University Press _c2003 |
||
| 300 | _axv,350 p.; | ||
| 505 | _aGetting Started and Beyond (Page-10, Some Mathematical Tools (Page-31), Geometrical Conceots (Page-88), The Effect of Forces (Page-134), Compartmental Models (Page-179), One-Dimensional Distributed System (Page-227), Some Simple Networks (Page-272), More Mathematical Tools:Dimensional Analysis and Numerical Methods (Page-303). | ||
| 942 |
_2ddc _cBK _k511.8,BAS |
||
| 999 |
_c593178 _d593178 |
||